| 000 | 00479cam a2200181ua 4500 | ||
|---|---|---|---|
| 041 |
_aeng _h |
||
| 082 |
_a028.74624 _bVAR/EN |
||
| 100 | _aVarma, C.V.J. | ||
| 245 | 0 | 0 |
_aEngineering with geosynthetics / _cC.V.J Varma. _hTextual Documents |
| 260 |
_aNew Delhi : _bCentral Board of Irrigation and Power (CBIP) , _c1995. |
||
| 300 | _a219 ; . | ||
| 504 | _a | ||
| 700 | 1 | _aRao, A.R.G . | |
| 700 | 1 | _aRao, G.V . | |
| 942 | _cBK | ||
| 999 |
_c6775 _d6775 |
||